skbl

Dr Suryya Kumar Bhuyan Library Web-OPAC
ডঃ সূৰ্য্য
কুমাৰ ভূঞা পুথিভঁৰাল ৱেব-অ'পেক

All Research Scholars are advised to clear the annual library fees to continue using Library Resources, Remote Access, Plagiarism Test and Library Clearance.

Cotton University Book Fair 2026

INDIA : (Record no. 56097)

MARC details
000 -LEADER
fixed length control field 00482nam a2200181Ia 4500
001 - CONTROL NUMBER
control field 56173
008 - FIXED-LENGTH DATA ELEMENTS--GENERAL INFORMATION
fixed length control field 080101n ii |||gr||||Z||||||465
020 ## - INTERNATIONAL STANDARD BOOK NUMBER
International Standard Book Number 81-271-6363-X
082 ## - DEWEY DECIMAL CLASSIFICATION NUMBER
Classification number 910.54
100 ## - MAIN ENTRY--PERSONAL NAME
Personal name Khullar.,
Relator term D.R.,
245 #0 - TITLE STATEMENT
Title INDIA :
Remainder of title a Comprehensive Geography /
Statement of responsibility, etc. D.R.Khullar .
Medium Textual Documents
250 ## - EDITION STATEMENT
Edition statement Ist ed-2000.
260 ## - PUBLICATION, DISTRIBUTION, ETC.
Place of publication, distribution, etc. Ludhiana:
Name of publisher, distributor, etc. Kalyani Publishers.
300 ## - PHYSICAL DESCRIPTION
Extent 868p:
Dimensions 24cm.
653 ## - INDEX TERM--UNCONTROLLED
Uncontrolled term Human Geography
653 ## - INDEX TERM--UNCONTROLLED
Uncontrolled term PG-Geog
942 ## - ADDED ENTRY ELEMENTS (KOHA)
Source of classification or shelving scheme Dewey Decimal Classification
Koha item type Books
Holdings
Withdrawn status Lost status Damaged status Not for loan Collection Home library Current library Shelving location Date acquired Source of acquisition Coded location qualifier Cost, normal purchase price Total checkouts Total renewals Full call number Barcode Date last seen Date last checked out Copy number Price effective from Koha item type Public note
          Dr. Suryya Kumar Bhuyan Library Dr. Suryya Kumar Bhuyan Library   01/01/2008 GE 00000 295.00 4 2 910.54 Kh 529 In 666/Geog 13/10/2025 04/09/2025 1 01/01/2008 Books GE

Designed and Maintained by Team SKBL
©1901-2026

Powered by Koha